00770nmm a22002175u 450000500170000000800410001702000180005805000210007610000210009724500810011825000110019926000680021030000160027865000600029465000220035465000260037665000480040271000340045077300200048485600480050420201020072419.0100301s2008 gw j eng d a978354074499304aKZ4017bB54 20081 aBiehler, Gernot.10aProcedures in International Lawh[electronic resource] /cby Gernot Biehler. a1a ed. aBerlin, Heidelberg :bSpringer-Verlag Berlin Heidelberg,c2008. bv.: digital 0aDerecho procesal Jurisdicción (Derecho internacional) 0aDerecho procesal  0aDerecho internacional24aInternational & Foreign Law/Comparative Law2 aSpringerLink (Online service)0 tSpringer eBooks40uhttp://dx.doi.org/10.1007/978-3-540-74499-3